000 00255nam a2200097Ia 4500
001 685035
005 20250826161509.0
008 250824s9999 xx 000 0 und d
245 0 _aYAŞARKEN VE ÖLÜRKEN/S.İLERİ/EVEREST
_cSELİM İLERİ
260 _bEVEREST
999 _c685035
_d685035